Sports Quiz

Random Sports or Football Quiz
Score 0/198 Timer 20:00
0 Plays Today
Team Player % Correct
Borussia Dortmund (vs Schalke 04)Mats Hummels
95.9%
Borussia Dortmund (vs Schalke 04)Erling Haaland
93.9%
RB Leipzig (vs Freiburg)Timo Werner
93.9%
Borussia Dortmund (vs Schalke 04)Roman Bürki
91.8%
Borussia Dortmund (vs Schalke 04)Achraf Hakimi
91.8%
Borussia Dortmund (vs Schalke 04)Thomas Delaney
89.8%
Borussia Dortmund (vs Schalke 04)Thorgan Hazard
89.8%
Borussia Dortmund (vs Schalke 04)Manuel Akanji
87.8%
Borussia Dortmund (vs Schalke 04)Raphael Guerreiro
87.8%
Schalke 04 (vs Borussia Dortmund)Salif Sané
87.8%
Mainz (vs Köln)Florian Müller
87.8%
Bayern Munchen (vs Union Berlin)David Alaba
87.8%
Bayern Munchen (vs Union Berlin)Thomas Müller
87.8%
RB Leipzig (vs Freiburg)Yussuf Poulsen
85.7%
Bayern Munchen (vs Union Berlin)Manuel Neuer
85.7%
Bayern Munchen (vs Union Berlin)Robert Lewandowski
85.7%
Wolfsburg (vs Augsburg)Koen Casteels
83.7%
Borussia Dortmund (vs Schalke 04)Julian Brandt
83.7%
Borussia Monchengladbach (vs Eintracht Frankfurt)Yann Sommer
83.7%
Bayern Munchen (vs Union Berlin)Benjamin Pavard
83.7%
Bayern Munchen (vs Union Berlin)Jerome Boateng
83.7%
Bayern Munchen (vs Union Berlin)Serge Gnabry
83.7%
Borussia Dortmund (vs Schalke 04)Lukasz Piszczek
81.6%
Schalke 04 (vs Borussia Dortmund)Matija Nastasic
81.6%
Bayern Munchen (vs Union Berlin)Alphonso Davies
81.6%
Bayern Munchen (vs Union Berlin)Thiago Alcantara
81.6%
Bayern Munchen (vs Union Berlin)Leon Goretzka
81.6%
RB Leipzig (vs Freiburg)Peter Gulacsi
79.6%
Bayer Leverkusen (vs Werder Bremen)Kai Havertz
79.6%
Borussia Dortmund (vs Schalke 04)Mahmoud Dahoud
77.6%
Schalke 04 (vs Borussia Dortmund)Daniel Caligiuri
77.6%
RB Leipzig (vs Freiburg)Lukas Klostermann
77.6%
RB Leipzig (vs Freiburg)Kevin Kampl
77.6%
Eintracht Frankfurt (vs Borussia Mönchengladbach)Kevin Trapp
77.6%
Eintracht Frankfurt (vs Borussia Mönchengladbach)Bas Dost
77.6%
Borussia Monchengladbach (vs Eintracht Frankfurt)Marcus Thuram
77.6%
Borussia Monchengladbach (vs Eintracht Frankfurt)Alassane Pléa
77.6%
RB Leipzig (vs Freiburg)Angelino
75.5%
Schalke 04 (vs Borussia Dortmund)Jonjoe Kenny
73.5%
Schalke 04 (vs Borussia Dortmund)Weston McKennie
73.5%
Schalke 04 (vs Borussia Dortmund)Amine Harit
73.5%
RB Leipzig (vs Freiburg)Marcel Halstenberg
73.5%
Eintracht Frankfurt (vs Borussia Mönchengladbach)Filip Kostic
73.5%
Bayern Munchen (vs Union Berlin)Joshua Kimmich
73.5%
Bayer Leverkusen (vs Werder Bremen)Lukas Hradecky
73.5%
Bayer Leverkusen (vs Werder Bremen)Sven Bender
73.5%
Bayer Leverkusen (vs Werder Bremen)Charles Aranguiz
73.5%
Wolfsburg (vs Augsburg)John Brooks
71.4%
Borussia Monchengladbach (vs Eintracht Frankfurt)Matthias Ginter
71.4%
Hertha Berlin (vs Hoffenheim)Rune Jarstein
69.4%
Hertha Berlin (vs Hoffenheim)Vedad Ibisevic
69.4%
RB Leipzig (vs Freiburg)Nordi Mukiele
69.4%
RB Leipzig (vs Freiburg)Christopher Nkunku
69.4%
Köln (vs Mainz)Timo Horn
69.4%
Bayer Leverkusen (vs Werder Bremen)Moussa Diaby
69.4%
RB Leipzig (vs Freiburg)Konrad Laimer
67.3%
Borussia Monchengladbach (vs Eintracht Frankfurt)Breel Embolo
67.3%
Hoffenheim (vs Hertha Berlin)Oliver Baumann
65.3%
Hoffenheim (vs Hertha Berlin)Pavel Kaderabek
65.3%
Hertha Berlin (vs Hoffenheim)Dedryck Boyata
65.3%
Eintracht Frankfurt (vs Borussia Mönchengladbach)Martin Hinteregger
65.3%
Köln (vs Mainz)Jhon Cordoba
65.3%
Union Berlin (vs Bayern Munich)Neven Subotic
65.3%
Werder Bremen (vs Bayer Leverkusen)Jiri Pavlenka
65.3%
Werder Bremen (vs Bayer Leverkusen)Milot Rashica
65.3%
Wolfsburg (vs Augsburg)Kevin Mbabu
63.3%
Team Player % Correct
Bayer Leverkusen (vs Werder Bremen)Kerem Demirbay
63.3%
Eintracht Frankfurt (vs Borussia Mönchengladbach)David Abraham
61.2%
Eintracht Frankfurt (vs Borussia Mönchengladbach)Sebastian Rode
61.2%
Borussia Monchengladbach (vs Eintracht Frankfurt)Stefan Lainer
61.2%
Borussia Monchengladbach (vs Eintracht Frankfurt)Nico Elvedi
61.2%
Köln (vs Mainz)Jonas Hector
61.2%
Werder Bremen (vs Bayer Leverkusen)Theodor Gebre Selassie
61.2%
Wolfsburg (vs Augsburg)Josip Brekalo
59.2%
Schalke 04 (vs Borussia Dortmund)Benito Raman
59.2%
RB Leipzig (vs Freiburg)Tyler Adams
59.2%
Borussia Monchengladbach (vs Eintracht Frankfurt)Ramy Bensebaini
59.2%
Augsburg (vs Wolfsburg)Florian Niederlechner
57.1%
Wolfsburg (vs Augsburg)Maximilian Arnold
57.1%
Wolfsburg (vs Augsburg)Renato Steffen
57.1%
Schalke 04 (vs Borussia Dortmund)Jean-Clair Todibo
57.1%
Freiburg (vs RB Leipzig)Vincenzo Grifo
57.1%
Eintracht Frankfurt (vs Borussia Mönchengladbach)Evan Ndicka
57.1%
Mainz (vs Köln)Robin Quaison
57.1%
Bayer Leverkusen (vs Werder Bremen)Mitchell Weiser
57.1%
Augsburg (vs Wolfsburg)Tin Jedvaj
55.1%
Augsburg (vs Wolfsburg)Philipp Max
55.1%
Wolfsburg (vs Augsburg)Admir Mehmedi
55.1%
Schalke 04 (vs Borussia Dortmund)Markus Schubert
55.1%
Hoffenheim (vs Hertha Berlin)Ihlas Bebou
55.1%
Hertha Berlin (vs Hoffenheim)Marko Grujic
55.1%
Hertha Berlin (vs Hoffenheim)Matheus Cunha
55.1%
Freiburg (vs RB Leipzig)Nils Petersen
55.1%
Eintracht Frankfurt (vs Borussia Mönchengladbach)Daichi Kamada
55.1%
Werder Bremen (vs Bayer Leverkusen)Niklas Moisander
55.1%
Bayer Leverkusen (vs Werder Bremen)Daley Sinkgraven
55.1%
Schalke 04 (vs Borussia Dortmund)Suat Serdar
53.1%
Fortuna Düsseldorf (vs Paderborn)Kaan Ayhan
53.1%
Hoffenheim (vs Hertha Berlin)Robert Skov
53.1%
Hertha Berlin (vs Hoffenheim)Dodi Lukebakio
53.1%
Freiburg (vs RB Leipzig)Jonathan Schmid
53.1%
Mainz (vs Köln)Edmilson Fernandes
53.1%
Wolfsburg (vs Augsburg)Xaver Schlager
51%
Hertha Berlin (vs Hoffenheim)Marvin Plattenhardt
51%
Schalke 04 (vs Borussia Dortmund)Bastian Oczipka
49%
Hoffenheim (vs Hertha Berlin)Florian Grillitsch
49%
Hoffenheim (vs Hertha Berlin)Steven Zuber
49%
Borussia Monchengladbach (vs Eintracht Frankfurt)Jonas Hofmann
49%
Köln (vs Mainz)Florian Kainz
49%
Mainz (vs Köln)Jean-Paul Boëtius
49%
Mainz (vs Köln)Aaron Martin
49%
Werder Bremen (vs Bayer Leverkusen)Kevin Vogt
49%
Wolfsburg (vs Augsburg)Joao Victor
46.9%
Hertha Berlin (vs Hoffenheim)Peter Pekarik
46.9%
Hertha Berlin (vs Hoffenheim)Per Skjelbred
46.9%
Freiburg (vs RB Leipzig)Alexander Schwolow
46.9%
Eintracht Frankfurt (vs Borussia Mönchengladbach)Almamy Touré
46.9%
Borussia Monchengladbach (vs Eintracht Frankfurt)Tobias Strobl
46.9%
Werder Bremen (vs Bayer Leverkusen)Milos Veljkovic
46.9%
Hoffenheim (vs Hertha Berlin)Sebastian Rudy
44.9%
Borussia Monchengladbach (vs Eintracht Frankfurt)Florian Neuhaus
44.9%
Mainz (vs Köln)Jeremiah St. Juste
44.9%
Mainz (vs Köln)Kunde Malong
44.9%
Werder Bremen (vs Bayer Leverkusen)Maximilian Eggestein
44.9%
Bayer Leverkusen (vs Werder Bremen)Nadiem Amiri
44.9%
Augsburg (vs Wolfsburg)Daniel Baier
42.9%
Hoffenheim (vs Hertha Berlin)Benjamin Hübner
42.9%
Union Berlin (vs Bayern Munich)Florian Hübner
42.9%
Hertha Berlin (vs Hoffenheim)Maximilian Mittelstädt
40.8%
Freiburg (vs RB Leipzig)Christian Günter
40.8%
Eintracht Frankfurt (vs Borussia Mönchengladbach)Stefan Ilsanker
40.8%
Köln (vs Mainz)Ellyes Skhiri
40.8%
Team Player % Correct
Union Berlin (vs Bayern Munich)Anthony Ujah
40.8%
Werder Bremen (vs Bayer Leverkusen)Davie Selke
40.8%
Fortuna Düsseldorf (vs Paderborn)Kenan Karaman
38.8%
Freiburg (vs RB Leipzig)Robin Koch
38.8%
Union Berlin (vs Bayern Munich)Rafal Gikiewicz
38.8%
Augsburg (vs Wolfsburg)Andreas Lüthe
36.7%
Augsburg (vs Wolfsburg)Marek Suchy
36.7%
Augsburg (vs Wolfsburg)Rani Khedira
36.7%
Paderborn (vs Fortuna Düsseldorf)Klaus Gjasula
36.7%
Hoffenheim (vs Hertha Berlin)Kevin Akpoguma
36.7%
Köln (vs Mainz)Sebastiaan Bornauw
36.7%
Werder Bremen (vs Bayer Leverkusen)Marco Friedl
36.7%
Bayer Leverkusen (vs Werder Bremen)Edmond Tapsoba
36.7%
Augsburg (vs Wolfsburg)Ruben Vargas
34.7%
Fortuna Düsseldorf (vs Paderborn)André Hoffmann
34.7%
Fortuna Düsseldorf (vs Paderborn)Kevin Stöger
34.7%
Paderborn (vs Fortuna Düsseldorf)Kai Pröger
34.7%
Freiburg (vs RB Leipzig)Manuel Gulde
34.7%
Fortuna Düsseldorf (vs Paderborn)Matthias Zimmermann
32.7%
Paderborn (vs Fortuna Düsseldorf)Leopold Zingerle
32.7%
Hoffenheim (vs Hertha Berlin)Christoph Baumgartner
32.7%
Freiburg (vs RB Leipzig)Dominique Heintz
32.7%
Eintracht Frankfurt (vs Borussia Mönchengladbach)Djibril Sow
32.7%
Mainz (vs Köln)Moussa Niakhaté
32.7%
Mainz (vs Köln)Dong-Won Ji
32.7%
Union Berlin (vs Bayern Munich)Christopher Trimmel
32.7%
Werder Bremen (vs Bayer Leverkusen)Philipp Bargfrede
32.7%
Werder Bremen (vs Bayer Leverkusen)Leonardo Bittencourt
32.7%
Fortuna Düsseldorf (vs Paderborn)Valon Berisha
30.6%
Hoffenheim (vs Hertha Berlin)Stefan Posch
30.6%
Freiburg (vs RB Leipzig)Roland Sallai
30.6%
Köln (vs Mainz)Mark Uth
30.6%
Union Berlin (vs Bayern Munich)Keven Schlotterbeck
30.6%
Bayer Leverkusen (vs Werder Bremen)Florian Wirtz
30.6%
Augsburg (vs Wolfsburg)Marco Richter
28.6%
Wolfsburg (vs Augsburg)Marin Pongracic
28.6%
Paderborn (vs Fortuna Düsseldorf)Sebastian Vasiliadis
28.6%
Hertha Berlin (vs Hoffenheim)Jordan Torunarigha
28.6%
Freiburg (vs RB Leipzig)Philipp Lienhart
28.6%
Union Berlin (vs Bayern Munich)Marcus Ingvartsen
28.6%
Wolfsburg (vs Augsburg)Paulo Otavio
26.5%
Fortuna Düsseldorf (vs Paderborn)Florian Kastenmeier
26.5%
Paderborn (vs Fortuna Düsseldorf)Uwe Hunemeier
26.5%
Paderborn (vs Fortuna Düsseldorf)Jamilu Collins
26.5%
Freiburg (vs RB Leipzig)Nicolas Höfler
26.5%
Augsburg (vs Wolfsburg)Raphael Framberger
24.5%
Köln (vs Mainz)Benno Schmitz
24.5%
Union Berlin (vs Bayern Munich)Marius Bülter
24.5%
Paderborn (vs Fortuna Düsseldorf)Mohamed Dräger
22.4%
Paderborn (vs Fortuna Düsseldorf)Dennis Srbeny
22.4%
Mainz (vs Köln)Karim Onisiwo
22.4%
Union Berlin (vs Bayern Munich)Grischa Prömel
22.4%
Fortuna Düsseldorf (vs Paderborn)Markus Süttner
20.4%
Köln (vs Mainz)Noah Katterbach
20.4%
Union Berlin (vs Bayern Munich)Christopher Lenz
20.4%
Fortuna Düsseldorf (vs Paderborn)Erik Thommy
18.4%
Paderborn (vs Fortuna Düsseldorf)Sebastian Schonlau
18.4%
Union Berlin (vs Bayern Munich)Robert Andrich
18.4%
Augsburg (vs Wolfsburg)Eduard Löwen
16.3%
Paderborn (vs Fortuna Düsseldorf)Christopher Antwi-Adjei
16.3%
Köln (vs Mainz)Toni Leistner
16.3%
Fortuna Düsseldorf (vs Paderborn)Niko Giesselmann
14.3%
Fortuna Düsseldorf (vs Paderborn)Marcel Sobottka
14.3%
Köln (vs Mainz)Jan Thielmann
14.3%
Mainz (vs Köln)Ridle Baku
14.3%
Paderborn (vs Fortuna Düsseldorf)Dennis Jastrzembski
6.1%
Remove Ads.
Support Sporcle.
Get the best of Sporcle when you Go Orange. This ad-free experience offers more features, more stats, and more fun while also helping to support Sporcle. Thank you for becoming a member.

You're not logged in!

Compare scores with friends on all Sporcle quizzes.
OR
Log In

Sporcle TV

Today on Sporcle TV


Watch our educational content, quiz creation guides, and fun videos on Sporcle TV.

Show Comments

Extras

Top Quizzes Today


Score Distribution

Paid Content

Your Account Isn't Verified!

In order to create a playlist on Sporcle, you need to verify the email address you used during registration. Go to your Sporcle Settings to finish the process.

Report this User

Report this user for behavior that violates our Community Guidelines.

Details: